00429nam a2200193Ia 4500003000900000008004100009040001300050040001300063041000800076100001900084245002500103250002300128260002100151260000900172300001100181300001000192490002700202490000600229IT-RoPAU120407s9999 xx 000 0 und d aIT-RoPAU cIT-RoPAU aita aLuigi Santucci aIl ballo della sposa aCinisello Balsamo  aEdizioni Paoline c1985 a134 p. c22 cm aI dodici dello Zodiaco v2